Представление документа в формате MARC21

Поле Инд. ПП Название Значение
Тип записи a
Библиографический уровень m
001 Контрольный номер 257b18e810864397868d64a7413392e4
005 Дата корректировки 20241105144548.2
020 a ISBN 978-5-7995-1316-0
080 a Индекс УДК 332.3
084 a Индекс другой классификации/Индекс ББК У32-511
090 a Полочн. индекс У3
x Авторский знак А 86
097 b Оператор *Фа*
100 1_ a Автор Артемьев А.А.
245 10 a Заглавие Развитие управления земельно-имущественными отношениями
b Продолж. заглавия монография
c Ответственность Тверской государственный технический университет
260 a Место издания Тверь
b Издательство ТвГТУ
c Дата издания 2023
300 a Объем 175 с.
516 8_ a Прим. о типе комп. файла/ данных Текст : электронный
520 0_ a Аннотация Рассмотрены теоретические и практические положения управления земельно-имущественными отношениями. В частности, исследованы общие характеристики данного вида общественных отношений. Особое внимание уделено управлению земельно-имущественными комплексами и возникающими в связи с этим земельно-имущественными отношениями. Проанализированы, изучены и раскрыты сущностные характеристики управления земельно-имущественными комплексами на всех уровнях (Российской Федерации, субъекта Российской Федерации, муниципальном уровне, юридического лица). Предложена современная концепция управления земельно-имущественными комплексами в рыночных условиях. Представлены показатели оценки эффективности управления.
535 1_ a Хранилище Сервер
653 0_ a Ключевые слова Землепользование
a Ключевые слова Землевладение
a Ключевые слова Земельно-имущественные отношения
a Ключевые слова Управление земельно-имущественными комплексами
655 a Жанр/ форма (устаревшее) *М*
700 12 a Другие авторы Лепехин И.А.
700 12 a Другие авторы Лазарева О.С.
900 a Имя макрообъекта 001-000158575-000000000-0000-0000-01
901 t Тип документа m
905 b Дата создания записи обработка 16.01.24
951 i EL-ТГТУ? Да
952 a Тип литературы для КСУ ВШ *М2*
952 e Факультет *ИСФ*
990 h N записи в КСУ для Б/У (DOS) 1/2024э
990 g Размещение заказа (DOS) РИЦ